| 000 | 00446nam a2200157Ia 4500 | ||
|---|---|---|---|
| 003 | GCL | ||
| 008 | 140319s9999 xx 000 0 ara d | ||
| 040 |
_aGCL / _cGCL |
||
| 082 | 0 | 4 |
_a001.94 _bر ظ |
| 100 | 1 | _aراجى عنايت | |
| 245 | 1 | 0 |
_a30 ظاهرة خارقة حيرت العلماء / _cراجى عنايت |
| 300 | _a126 ص | ||
| 490 |
_aاغرب من الخيال _v0 |
||
| 650 | 0 | 4 | _aالظواهر الغريبة |
| 942 |
_2ddc _cBK |
||
| 999 |
_c45636 _d45636 |
||